Quartiers de Strasbourg avec carte - Statistiques

Statistiques générales
  • Ce quiz a été pris 357 fois
  • Le résultat moyen est 15 sur 28
Réponses sur la Carte
Les réponses sont colorées sur une échelle allant du rouge au vert en fonction du pourcentage des utilisateurs qui les ont devinées à leur premier essai. Vous pouvez retrouver ces pourcentages ci-dessous.
 
Statistiques - réponses
Quartiers % Correct
Neuhof-Port autonome-Forêt
87%
Neuhof-Cités
86%
Neuhof-Village
86%
Neudorf
85%
Meinau-Canardière
71%
Meinau-Villas
71%
Meinau-ZA Plaine des Bouchers
71%
Hautepierre
70%
Robertsau
68%
Centre-Ville
67%
Port du Rhin
65%
Bourse-Krutenau
64%
Gare
64%
Esplanade
63%
Cronenbourg - Cité Nucléaire
60%
Elsau
60%
Elsau-Maison d'arrêt
60%
Vieux-Cronenbourg
60%
Orangerie-Conseil des XV
56%
Montagne-Verte
54%
Koenigshoffen
50%
Wacken
41%
Poteries
30%
Cité de l'Ill
20%
Musau
16%
Tribunal
13%
Spach-Rotterdam
5%
Hohberg
4%
Aucun quiz correspondant
Distribution des résultats
% des personnes avec chaque résultat
Percentile par nombre de réponses
Votre historique - résultats
Vous n’avez pas pris ce quiz